Struktury Minecraft - Statystyki

Ogólne statystyki
  • Ten quiz został rozwiązany 639 razy
  • Średni wynik to 4 z 20
Statystyki odpowiedzi
Hint Odpowiedź % Poprawnych
wszystkie biomy wioska
91%
Pustynia piramida
72%
Bagna chatka wiedźmy
41%
Wszystkie biomy twierdza
36%
Tundra,ośnieżona tajga igloo
29%
Kres miasto kresu
24%
Dżungla dżunglowa świątynia
23%
głęboki ocean podwodna świątynia
20%
Kres statek kresu
14%
Wszystkie biomy opuszczona kopalnia
13%
Ciepły ocean rafa koralowa
11%
Puszcza leśny dwór
9%
Wszystkie biomy lochy
7%
Ocean podwodne ruiny
7%
Wszystkie biomy zniszczony portal
7%
Nether forteca netheru
4%
Nether ruiny bastionu
4%
Kres fontanna kresu
1%
Wszystkie biomy Siedziba rozbójników
1%
Kres słupy z obsydianu
0%
Nie znaleziono quizów pasujących do podanych kryteriów
Rozkład punktacji
Procent ludzi z każdym wynikiem
Percentyl według liczby udzielonych odpowiedzi
Twoja historia wyników
Nie rozwiązałeś tego quizu